000 00472nam a2200157Ia 4500
008 210716s2009 xx 000 0 und d
020 _a9780070597105
041 _aeng
082 _a657.3 BERL
100 _aBernstein, Leopold A; Wild, John J.
245 _aAnalysis of financial statement.
250 _a5
260 _aNew Delhi
_bTata McGraw Hill Education Private Limited
_c2009
300 _axxix,367,CC52,A52,I9,IN9
650 _aFinancial Reporting and Analyais
999 _c208008
_d208008